000 00978 a2200217 4500
005 20080911120616.0
008 080911t xxu||||| |||| 00| 0 hin d
010 _aHIN-79650
020 _c100.00
035 _aHN-51996
037 _bD. B. Act. / pub
082 _a425
100 _aकृष्ण विकल
245 _aआधुनिक हिंदी व्याकरण तथा रचना
_cकृष्ण विकल
250 _a2रा संस्क
260 _aनौएडा
_bमयूर पेपरबैक्स
_c2006
270 _aए-95, सेक्टर-5
_bनौएडा
_e201301
300 _aviii,271पृ
_c22सेमी (अजिल्द)
_b(सचित्र)
942 _adpl
_cHN
_k425 / कृष्णवि
_2ddc
_h425
_mकृष्णवि
999 _c3201
_d3201